00376nam a2200121 a 450000100100000000500170001000800410002704000250006810000190009324500720011226000500018430000200023400003579320200930074621.0111114s1914 fr 000 0 spa d aDO-SdBNPbspacBNPHU1 aNattier, J. M.10aJ. M. Nattier :bles peintres illustres 1685-1766 /cJ. M. Nattier. aParis :bPierre Lafitte et C editeurs,c1914. a80 p. ;c20 cm.